Our president : (Record no. 4801)
[ view plain ]
| 000 -LEADER | |
|---|---|
| fixed length control field | 00500cam a22001812 4500 |
| 001 - CONTROL NUMBER | |
| control field | 0000000556 |
| 005 - DATE AND TIME OF LATEST TRANSACTION | |
| control field | 20151217151750.0 |
| 008 - FIXED-LENGTH DATA ELEMENTS--GENERAL INFORMATION | |
| fixed length control field | 070209s xx 000 0 eng d |
| 040 ## - CATALOGING SOURCE | |
| Original cataloging agency | KABU |
| Transcribing agency | KABU |
| 050 #0 - LIBRARY OF CONGRESS CALL NUMBER | |
| Classification number | DT433.582 |
| Item number | .097 |
| 245 10 - TITLE STATEMENT | |
| Title | Our president : |
| Remainder of title | a typical working day. |
| 260 ## - PUBLICATION, DISTRIBUTION, ETC. (IMPRINT) | |
| Place of publication, distribution, etc. | Nairobi : |
| Name of publisher, distributor, etc. | Transafrica Press, |
| Date of publication, distribution, etc. | 1990. |
| 300 ## - PHYSICAL DESCRIPTION | |
| Extent | 16 p. |
| 600 10 - SUBJECT ADDED ENTRY--PERSONAL NAME | |
| Personal name | Moi, Toroitich arap. |
| -- | 0000148782 |
| 908 ## - PUT COMMAND PARAMETER (RLIN) | |
| Put command parameter | 070209 |
| 950 ## - LOCAL HOLDINGS (RLIN) | |
| -- | 1 |
| Withdrawn status | Lost status | Source of classification or shelving scheme | Not for loan | Home library | Current library | Date acquired | Total Checkouts | Full call number | Barcode | Date last seen | Price effective from | Koha item type |
|---|---|---|---|---|---|---|---|---|---|---|---|---|
| Library of Congress Classification | Kabarak, Main Campus | Kabarak, Main Campus | 17/12/2015 | DT433.582 .097 | 009567 | 17/12/2015 | 17/12/2015 | General Collection |